| 000 | 00964nam a22002417a 4500 | ||
|---|---|---|---|
| 008 | 240606b mp ||||| |||| 00| 0 mon d | ||
| 020 | _a9789997318404 | ||
| 035 | _a23135 | ||
| 040 |
_aBUL0163080 _bmon _cMN-UlNLM _dMN-UlNLM _erda |
||
| 041 | _amon | ||
| 042 | _a46660 | ||
| 084 |
_2NNA _a84/5Мон/-4 _bН 292 |
||
| 100 | _aНанжид Б., Гантулга Б. | ||
| 245 | 0 | _aНар Сар Рах | |
| 264 |
_aУлаанбаатар _bМонсудар ХГ _c2020 |
||
| 300 | _a30 х. | ||
| 336 |
_2rdacontent _atext _btxt |
||
| 337 |
_2rdamedia _aunmediated _bn |
||
| 338 |
_2rdacarrier _avolume _bnc |
||
| 650 | _aХүүхдийн номын Жангар редакцаас бяцхан уншигчдадаа зориулан монгол ардын үлгэрүүдийг зурагт ном болгон цувралаар хүргэж байгаа б... | ||
| 942 |
_2NNA _cBK |
||
| 999 |
_c860168 _d860225 |
||